[Event "San Vicente op 8th"]
[Site "San Vicente"]
[Date "2024.03.30"]
[Round "6"]
[White "Piorun, Kacper"]
[Black "Kourkoulos Arditis, Stamatis"]
[Result "1/2-1/2"]
[WhiteElo "2599"]
[BlackElo "2556"]
[PlyCount "39"]
[EventDate "2024.03.27"]
[EventType "swiss"]
[EventRounds "9"]
[EventCountry "ESP"]
[SourceTitle "CB14_2024"]
[SourceDate "2024.04.01"]
[SourceVersion "1"]
[SourceVersionDate "2024.04.01"]
[SourceQuality "1"]

1. e4 e5 2. Nf3 Nc6 3. Bb5 a6 4. Ba4 Nf6 5. 0-0 Bc5 6. Nc3 b5 7. Bb3 0-0 8. d3 h6 9. Nd5 d6 10. c3 Rb8 11. d4 Ba7 12. Be3 Nxd5 13. Bxd5 Ne7 14. dxe5 Bxe3 15. fxe3 Nxd5 16. exd5 dxe5 17. Nxe5 Bb7 18. e4 Qe7 19. Qd4 Rfe8 20. Nd3 1/2-1/2

[Event "Titled Tuesday intern op 13th Feb Early"]
[Site "Chess.com INT"]
[Date "2024.02.13"]
[Round "7"]
[White "Piorun, Kacper"]
[Black "Bettalli, Francesco"]
[Result "1-0"]
[WhiteElo "2592"]
[BlackElo "2300"]
[PlyCount "61"]
[EventDate "2024.02.13"]
[EventType "swiss (blitz)"]
[EventRounds "11"]
[EventCountry "USA"]
[SourceTitle "CB08_2024"]
[SourceDate "2024.02.21"]
[SourceVersion "1"]
[SourceVersionDate "2024.02.21"]
[SourceQuality "1"]

1. e4 c5 2. Nf3 Nc6 3. Bb5 g6 4. 0-0 Bg7 5. Re1 Nf6 6. c3 0-0 7. d4 d5 8. e5 Ne4 9. Be3 Qb6 10. Bxc6 bxc6 11. Qc1 c4 12. Nbd2 Bf5 13. Nxe4 Bxe4 14. Nd2 Bd3 15. b3 Rab8 16. h4 f6 17. Bf4 fxe5 18. Bxe5 Bxe5 19. Rxe5 c5 20. Nf3 cxd4 21. Nxd4 Qf6 22. Qe3 Be4 23. Re6 Qxh4 24. f3 cxb3 25. axb3 Bf5 26. Rxe7 a5 27. Rxa5 Ra8 28. Qe5 Qh6 29. Rxa8 Rxa8 30. Qxd5+ Kf8 31. Qf7# 1-0

[Event "Titled Tuesday intern op 06th Feb Early"]
[Site "Chess.com INT"]
[Date "2024.02.06"]
[Round "3"]
[White "Piorun, Kacper"]
[Black "Vakhidov, Shahzod"]
[Result "1-0"]
[WhiteElo "2592"]
[BlackElo "2312"]
[PlyCount "75"]
[EventDate "2024.02.06"]
[EventType "swiss (blitz)"]
[EventRounds "11"]
[EventCountry "USA"]
[SourceTitle "CB07_2024"]
[SourceDate "2024.02.14"]
[SourceVersion "1"]
[SourceVersionDate "2024.02.14"]
[SourceQuality "1"]

1. e4 c5 2. Nc3 g6 3. g3 Bg7 4. Bg2 Nc6 5. Nge2 d6 6. d3 e6 7. 0-0 Nge7 8. Rb1 0-0 9. a3 a5 10. a4 Nd4 11. Be3 Bd7 12. f4 Rb8 13. b3 Bc6 14. Qd2 f5 15. Rbe1 h6 16. Nd1 Kh7 17. Nf2 b5 18. axb5 Bxb5 19. g4 a4 20. Bxd4 cxd4 21. bxa4 Bxa4 22. gxf5 exf5 23. Ng3 Rb2 24. exf5 Nxf5 25. Nxf5 Rxc2 26. Qb4 Rxf5 27. Qxa4 Rc7 28. Re8 Qh4 29. Qa2 d5 30. Bxd5 h5 31. Ne4 Rxf4 32. Bg8+ Kh6 33. Qd2 Qg4+ 34. Ng3 g5 35. Be6 Qh4 36. Nf5+ Rxf5 37. Bxf5 Be5 38. Rxe5 1-0

[Event "Titled Tuesday intern op 06th Feb Early"]
[Site "Chess.com INT"]
[Date "2024.02.06"]
[Round "7"]
[White "Salem, AR Saleh"]
[Black "Piorun, Kacper"]
[Result "0-1"]
[WhiteElo "2629"]
[BlackElo "2592"]
[PlyCount "140"]
[EventDate "2024.02.06"]
[EventType "swiss (blitz)"]
[EventRounds "11"]
[EventCountry "USA"]
[SourceTitle "CB07_2024"]
[SourceDate "2024.02.14"]
[SourceVersion "1"]
[SourceVersionDate "2024.02.14"]
[SourceQuality "1"]

1. e4 e6 2. d4 d5 3. Nc3 Bb4 4. e5 b6 5. Qg4 Bf8 6. h4 Ba6 7. Bxa6 Nxa6 8. h5 h6 9. Rh3 Ne7 10. Rf3 Qd7 11. Qf4 Nc6 12. Nge2 Nab4 13. Kd1 Nd8 14. a3 Na6 15. a4 c5 16. a5 b5 17. Be3 c4 18. Qg4 b4 19. Nb1 Rb8 20. Nd2 Rb5 21. Nf4 Qc7 22. Nf1 Rxa5 23. Rb1 Nb8 24. Ng3 Nbc6 25. Nge2 Rb5 26. Ke1 a5 27. Ra1 Rb7 28. Kf1 Ra7 29. b3 c3 30. Nc1 Ne7 31. Kg1 Qc6 32. Ncd3 Qb5 33. Ne2 Nec6 34. Rb1 a4 35. bxa4 Qxa4 36. Kh2 Qxc2 37. Nxb4 Qxb1 38. Nxd5 exd5 39. Nxc3 Qb7 40. Nxd5 Qd7 41. Qf4 Qxd5 42. Rg3 Ne6 43. Qg4 Be7 44. f4 Ncxd4 45. f5 Rd7 46. fxe6 Nxe6 47. Qa4 Qxe5 48. Qa8+ Bd8 49. Qc6 Qd5 50. Qa4 Qxh5+ 51. Rh3 Qd5 52. Bf4 0-0 53. Bg3 Qd4 54. Qc2 Bc7 55. Bxc7 Rxc7 56. Qf5 Qf4+ 57. Qxf4 Nxf4 58. Rf3 Ng6 59. Rg3 Kh7 60. Rf3 f6 61. Re3 Re7 62. Rd3 f5 63. Rb3 f4 64. Rb4 f3 65. gxf3 Rxf3 66. Kg2 Rf4 67. Rb3 Re5 68. Kg3 Rg5+ 69. Kh2 Rh4+ 70. Rh3 Rxh3+ 0-1

[Event "Chessable Play In Match D2"]
[Site "Chess.com INT"]
[Date "2024.02.01"]
[Round "2.1"]
[White "Piorun, Kacper"]
[Black "Martirosyan, Haik M"]
[Result "0-1"]
[WhiteElo "2592"]
[BlackElo "2681"]
[PlyCount "140"]
[EventDate "2024.02.01"]
[EventType "k.o. (rapid)"]
[EventRounds "2"]
[EventCountry "USA"]
[SourceTitle "CB06_2024"]
[SourceDate "2024.02.07"]
[SourceVersion "1"]
[SourceVersionDate "2024.02.07"]
[SourceQuality "1"]

1. e4 e5 2. Nf3 Nc6 3. Bc4 Bc5 4. d3 Nf6 5. 0-0 d6 6. a4 a5 7. c3 h6 8. Nbd2 0-0 9. Re1 Be6 10. Bxe6 fxe6 11. Nf1 Qd7 12. Be3 Bxe3 13. Nxe3 b6 14. Nd2 Rad8 15. Qe2 d5 16. Rad1 d4 17. Nec4 dxc3 18. Nf3 cxb2 19. Qxb2 Nd4 20. Nfxe5 Qxa4 21. Rc1 Qb5 22. Qa2 a4 23. Ng6 Rfe8 24. Nce5 c5 25. Rc4 Ra8 26. Ra1 a3 27. Rc3 Ra5 28. Nc4 Ra6 29. Nd6 Qb2 30. Rxa3 Qxa2 31. R3xa2 Rxa2 32. Rxa2 Rd8 33. e5 Nd5 34. h4 b5 35. Ra7 Rb8 36. h5 b4 37. Nc4 Ne2+ 38. Kf1 Nef4 39. Nxf4 Nxf4 40. g4 Nxd3 41. Rd7 Nf4 42. f3 b3 43. Rd2 Nd5 44. Ke2 Kf8 45. Kd3 Ke7 46. Rb2 Rf8 47. Nd2 Nb6 48. Rxb3 c4+ 49. Nxc4 Rxf3+ 50. Kc2 Rf2+ 51. Kd3 Nd7 52. Rb7 Kd8 53. Ke3 Rg2 54. Kf4 Ra2 55. Rb4 Ke7 56. Kf3 Ra1 57. Kg3 Rc1 58. Kf4 Rf1+ 59. Kg3 Rd1 60. Rb7 Kd8 61. Nb6 Nxe5 62. Rxg7 Ke8 63. Kf4 Kf8 64. Rh7 Nf7 65. g5 hxg5+ 66. Ke3 Kg8 67. Rxf7 Kxf7 68. Nc4 Rh1 69. Ne5+ Kg7 70. h6+ Rxh6 0-1

[Event "Chessable Play In Match D2"]
[Site "Chess.com INT"]
[Date "2024.02.01"]
[Round "2.3"]
[White "Piorun, Kacper"]
[Black "Martirosyan, Haik M"]
[Result "1-0"]
[WhiteElo "2592"]
[BlackElo "2681"]
[PlyCount "121"]
[EventDate "2024.02.01"]
[EventType "k.o. (rapid)"]
[EventRounds "2"]
[EventCountry "USA"]
[SourceTitle "CB06_2024"]
[SourceDate "2024.02.07"]
[SourceVersion "1"]
[SourceVersionDate "2024.02.07"]
[SourceQuality "1"]

1. d4 Nf6 2. Bg5 d5 3. Nd2 Bf5 4. Ngf3 e6 5. Nh4 Bg4 6. h3 Bh5 7. g4 h6 8. Be3 Ne4 9. Ndf3 Be7 10. Ng2 Bg6 11. Nf4 Bh7 12. Bg2 0-0 13. h4 Nd7 14. g5 hxg5 15. hxg5 Bf5 16. Nh4 Bxg5 17. Nxf5 exf5 18. Nxd5 Nb6 19. Nxb6 Bxe3 20. Bxe4 axb6 21. Bxf5 Bh6 22. Qd3 Qf6 23. e3 Rfe8 24. c3 c5 25. Ke2 Re7 26. Rh3 b5 27. Rf3 Qb6 28. a3 cxd4 29. cxd4 b4 30. a4 Qc6 31. d5 Qd6 32. Rc1 g6 33. Bh3 Bg7 34. b3 Bc3 35. Bg2 Re5 36. Rh3 Rc8 37. Rch1 Rg5 38. Bf3 Re8 39. Qc4 Rf5 40. Qb5 Re7 41. Qd3 Re8 42. Kf1 Re7 43. Be4 Rfe5 44. Rh8+ Kg7 45. R1h7+ Kf6 46. Bf3 Rf5 47. Ke2 Kg5 48. Qc4 Kf6 49. Qh4+ Rg5 50. Rf8 Qe5 51. Qc4 Rf5 52. d6 Qxd6 53. Rhxf7+ Rxf7 54. Rxf7+ Kg5 55. Qg4+ Kh6 56. Qh3+ Rh5 57. Bxh5 gxh5 58. Qf5 Qd2+ 59. Kf1 Qd1+ 60. Kg2 h4 61. Rh7# 1-0

[Event "Speed Chess Poland"]
[Site "Chess.com INT"]
[Date "2024.01.26"]
[Round "2.20"]
[White "Kosakowski, Jakub"]
[Black "Piorun, Kacper"]
[Result "1/2-1/2"]
[WhiteElo "2486"]
[BlackElo "2597"]
[PlyCount "60"]
[EventDate "2024.01.19"]
[EventType "k.o. (blitz)"]
[EventRounds "4"]
[EventCountry "POL"]
[SourceTitle "CB05_2024"]
[SourceDate "2024.01.31"]
[SourceVersion "1"]
[SourceVersionDate "2024.01.31"]
[SourceQuality "1"]

1. e4 c5 2. Nf3 Nc6 3. Bb5 e5 4. 0-0 Bd6 5. d4 Nxd4 6. Bc4 h6 7. Nxd4 cxd4 8. c3 Nf6 9. cxd4 0-0 10. f4 Qb6 11. Kh1 Nxe4 12. fxe5 Be7 13. Nc3 Nxc3 14. bxc3 d6 15. Ba3 Qc7 16. Qb3 dxe5 17. Bxf7+ Kh8 18. Bg6 Bg4 19. h3 Be2 20. Rxf8+ Rxf8 21. Bxe7 Qxe7 22. Re1 Qg5 23. Rxe2 Rf1+ 24. Kh2 Qf4+ 25. g3 Rf2+ 26. Rxf2 Qxf2+ 27. Kh1 Qf1+ 28. Kh2 Qf2+ 29. Kh1 Qf1+ 30. Kh2 Qf2+ 1/2-1/2

[Event "Speed Chess Poland"]
[Site "Chess.com INT"]
[Date "2024.01.26"]
[Round "2.9"]
[White "Piorun, Kacper"]
[Black "Kosakowski, Jakub"]
[Result "0-1"]
[WhiteElo "2597"]
[BlackElo "2486"]
[PlyCount "80"]
[EventDate "2024.01.19"]
[EventType "k.o. (blitz)"]
[EventRounds "4"]
[EventCountry "POL"]
[SourceTitle "CB05_2024"]
[SourceDate "2024.01.31"]
[SourceVersion "1"]
[SourceVersionDate "2024.01.31"]
[SourceQuality "1"]

1. d4 Nf6 2. Nf3 d5 3. e3 c5 4. b3 cxd4 5. exd4 Bf5 6. Bb2 e6 7. Bb5+ Nc6 8. 0-0 Bd6 9. Ne5 Qc7 10. Nd2 0-0 11. Bxc6 bxc6 12. c4 c5 13. cxd5 cxd4 14. Rc1 Qb7 15. Ndc4 Bxe5 16. Nxe5 Qxd5 17. Qxd4 Qxd4 18. Bxd4 Rfd8 19. Nc6 Rd7 20. Bxf6 gxf6 21. Rfd1 Rxd1+ 22. Rxd1 Be4 23. Na5 Rc8 24. f3 Bd5 25. Rd2 Rc5 26. Nc4 Bxc4 27. Rc2 Kf8 28. bxc4 Ke7 29. Kf2 Kd6 30. Ke3 f5 31. f4 f6 32. Kd3 Ra5 33. g3 Ra3+ 34. Ke2 Kc5 35. Kf2 e5 36. fxe5 fxe5 37. Kg2 e4 38. Rf2 Kxc4 39. Rxf5 Rxa2+ 40. Kf1 Kd3 0-1